Internet Basics (Record no. 299498)

000 -LEADER
fixed length control field 00256 a2200121 4500
001 - CONTROL NUMBER
control field 64425
082 ## - DEWEY DECIMAL CLASSIFICATION NUMBER
Classification number 001.64404 LAM
090 ## - LOCALLY ASSIGNED LC-TYPE CALL NUMBER (OCLC); LOCAL CALL NUMBER (RLIN)
-- 38054
-- 38054
100 ## - MAIN ENTRY--PERSONAL NAME
Personal name Lambert, S
245 ## - TITLE STATEMENT
Title Internet Basics
260 ## - PUBLICATION, DISTRIBUTION, ETC.
Place of publication, distribution, etc. NY
Name of publisher, distributor, etc. Random House
300 ## - PHYSICAL DESCRIPTION
Extent 495p
942 ## - ADDED ENTRY ELEMENTS (KOHA)
Institution code [OBSOLETE] NUST-CAE
Call number prefix 001.64404 LAM
Holdings
Withdrawn status Lost status Damaged status Not for loan Collection code Permanent Location Current Location Date acquired Total Checkouts Full call number Barcode Date last seen Price effective from Koha item type
          College of Aeronautical Engineering (CAE) College of Aeronautical Engineering (CAE) 04/03/2017   001.64404 LAM CAEG-5220 04/05/2017 04/05/2017 Book
© 2023 Central Library, National University of Sciences and Technology. All Rights Reserved.